Catalog

Record Details

Catalog Search



Zakázaná zóna. [6], Střet  Cover Image Book Book

Zakázaná zóna. [6], Střet / Bill Myers ; [překlad Zuzana Kempná]

Myers, Bill, 1953- (Author).

Record details

  • ISBN: 80-86849-24-4
  • Physical Description: 140 s. ; 18 cm
  • Edition: 1. vyd.
  • Publisher: Praha : Samuel, Biblická práce pro děti, c2006

Content descriptions

General Note:
Přeloženo z angličtiny
Označení sv. na hřbetu a v prelimináriích
Subject: okultismus > křesťanské pojetí
křesťanská výchova
occultism > Christian approach
Christian education
Genre: americké příběhy
publikace pro mládež
American stories
juvenile literature

Available copies

  • 1 of 1 copy available at Common Catalog SPOK.

Holds

  • 0 current holds with 1 total copy.
Show All Copies
Location Call Number / Copy Notes Barcode Shelving Location Status Due Date
KDS Library 810 ZZ MyB 204576803358 Library Available -

LDR 01645nam a2200493 a 4500
00122744
003CZ-PrJAB
00520150727063910.0
007ta
008060712s2006 xr d 000 j cze
015 . ‡acnb001662988
020 . ‡a80-86849-24-4 ‡q(brož.)
035 . ‡a(CZ PrNK)nkc20061662988
035 . ‡a(OCoLC)187295097
040 . ‡aBOA001 ‡bcze ‡dABA001
0411 . ‡acze ‡heng
072 7. ‡a821.111(73)-3 ‡xAmerická próza ‡2Konspekt ‡925
072 7. ‡a821-93 ‡xLiteratura pro děti a mládež (beletrie) ‡2Konspekt ‡926
080 . ‡a821-93 ‡2MRF
080 . ‡a821.111(73)-32 ‡2MRF
080 . ‡a133 ‡2MRF
080 . ‡a27 ‡2MRF
080 . ‡a27-47 ‡2MRF
080 . ‡a(0:82-32) ‡2MRF
1001 . ‡aMyers, Bill, ‡d1953- ‡7mzk2004208596 ‡4aut
24510. ‡aZakázaná zóna. ‡n[6], ‡pStřet / ‡cBill Myers ; [překlad Zuzana Kempná]
24630. ‡aStřet
250 . ‡a1. vyd.
260 . ‡aPraha : ‡bSamuel, Biblická práce pro děti, ‡cc2006
300 . ‡a140 s. ; ‡c18 cm
500 . ‡aPřeloženo z angličtiny
500 . ‡aOznačení sv. na hřbetu a v prelimináriích
65007. ‡aokultismus ‡7ph115583 ‡xkřesťanské pojetí ‡2czenas
65007. ‡akřesťanská výchova ‡7ph122115 ‡2czenas
65009. ‡aoccultism ‡xChristian approach ‡2eczenas
65009. ‡aChristian education ‡2eczenas
655 7. ‡aamerické příběhy ‡7fd131795 ‡2czenas
655 7. ‡apublikace pro mládež ‡7fd133157 ‡2czenas
655 9. ‡aAmerican stories ‡2eczenas
655 9. ‡ajuvenile literature ‡2eczenas
7650 . ‡tForbidden doors. The encounter ‡9Česky
910 . ‡aABE463
9281 . ‡aSamuel
998 . ‡a001662988
901 . ‡a22744 ‡b ‡c22744 ‡tbiblio

Additional Resources